Koh lanta le totem maudit - Statistiques

Statistiques générales
  • Ce quiz a été pris 353 fois
  • Le résultat moyen est 16 sur 24
Statistiques - réponses
Hint Réponse % Correct
9 François
82%
18 Yannick
80%
5 Bastien
79%
1 Colin
76%
4 Louana
76%
16 Olga
75%
17 Setha
73%
8 Géraldine
71%
7 Nicolas
71%
3 Ambre
70%
19 Anne Sophie
70%
2 Jean Charles
70%
21 Maxime
69%
6 Fouzi
66%
15 Pauline
66%
13 Alexandra
61%
24 Céline
59%
10 Lili
58%
22 Jean Philippe
57%
11 Matteo
57%
23 Stephanie
54%
20 Franck
51%
14 Benjamin
50%
12 Samira
43%
Aucun quiz correspondant
Distribution des résultats
% des personnes avec chaque résultat
Percentile par nombre de réponses
Votre historique - résultats
Vous n’avez pas pris ce quiz